000 00601cad a22002175a 4500
001 L159832
008 150226s2018 xxk f 000 0 eng d
035 _a(Sirsi) u159832
041 0 _aeng
100 1 _aKobie, Nicole
245 0 0 _aEnemy at the gates
260 _c2018
490 _aModus
_vMarch 2018, 24-28 (5)
520 _aLook at how to improve the resilience of cities' increasingly smart infrastructure networks to cyber attacks.
590 _aKA
650 2 4 _aCYBER SECURITY
650 2 4 _aBIG DATA
650 2 4 _aSMART CITIES
690 _aINFRASTRUCTURE
_96246
942 _n0
_2ddc
999 _c84998
_d84998